| Tag |
First Indicator |
Second Indicator |
Subfields |
| LEADER |
00000cam a22000005a 4500 |
| 001 |
in00002107713 |
| 005 |
20151102183337.0 |
| 008 |
040521s2004 th b 100 0 thao |
| 010 |
|
|
|a 2004348555
|
| 020 |
|
|
|a 9749204441
|
| 025 |
|
|
|a Th-Th-2004-348555
|
| 035 |
|
|
|a (OCoLC)ocm56904528
|
| 037 |
|
|
|b Library of Congress -- Jakarta Overseas Office
|c BHT180.00
|
| 040 |
|
|
|a DLC
|c DLC
|d TXA
|d UtOrBLW
|
| 042 |
|
|
|a lcode
|
| 043 |
|
|
|a a-th---
|
| 049 |
|
|
|a TXAM
|
| 050 |
|
4 |
|a GN635.T4
|b W34 2004
|
| 245 |
0 |
0 |
|a Wādūai nǣothāng kānsưksā chāttiphan :
|b nangsư̄ rūam botkhwām čhāk kānprachum pračham pī thāng mānutsayawitthayā khrang thī 2 rư̄ang chāt læ chāttiphan, withī chīwit læ khwāmlāklāi thāng chāttiphan nai lōk patčhuban.
|
| 246 |
3 |
0 |
|a Chāt læ chāttiphan, withī chīwit læ khwāmlāklāi thāng chāttiphan nai lōk patčhuban
|
| 250 |
|
|
|a Phim khrang rǣk.
|
| 264 |
|
1 |
|a Krung Thēp :
|b Sūn Mānutsayawitthayā Sirinthō̜n :
|b Khlet Thai čhatčhamnāi,
|c 2547 [2004]
|
| 300 |
|
|
|a 11, 322 pages ;
|c 22 cm.
|
| 336 |
|
|
|a text
|b txt
|2 rdacontent
|
| 337 |
|
|
|a unmediated
|b n
|2 rdamedia
|
| 338 |
|
|
|a volume
|b nc
|2 rdacarrier
|
| 490 |
1 |
|
|a ʻĒkkasān thāng wichākān ;
|v lamdap thī 36
|
| 546 |
|
|
|a In Thai.
|
| 520 |
|
|
|a Papers presented at a semenar on ethnology and ethnicity; with reference to Thailand.
|
| 504 |
|
|
|a Includes bibliographical references.
|
| 650 |
|
0 |
|a Ethnology
|z Thailand
|v Congresses.
|
| 650 |
|
0 |
|a Ethnicity
|z Thailand
|v Congresses.
|
| 710 |
2 |
|
|a Sūn Manutsayawitthayā Sirinthō̜n (Thailand)
|
| 830 |
|
0 |
|a ʻĒkkasān thāng wichākān (Sūn Mānutsayawitthayā Sirinthō̜n (Thailand)) ;
|v lamcap thī 36.
|
| 910 |
|
|
|a ccs1659
|
| 945 |
|
|
|a TechPro
|
| 947 |
|
|
|a A14830144645
|
| 994 |
|
|
|a 02
|b TXA
|
| 999 |
|
|
|a MARS
|
| 999 |
f |
f |
|s d8d0ef2b-7dc2-3b2f-b749-a2fe087dade1
|i dee490a7-763f-3dfe-8e46-ecbf46e5e763
|t 0
|
| 952 |
f |
f |
|p ric
|a Texas A&M University
|b Rellis Campus
|c Joint Library Facility
|d Remote Storage
|t 0
|e GN635.T4 W34 2004
|h Library of Congress classification
|i unmediated -- volume
|m A14830144645
|
| 998 |
f |
f |
|a GN635.T4 W34 2004
|t 0
|l Remote Storage
|